00713nam a22001817a 4500003000900000008004100009040007100050082002000121245007200141260005200213300004400265440003300309505011100342650002400453650001500477650001300492700002600505AR-CdUCM190425b ||||| |||| 00| 0 spa d aMUNICIPALIDAD PROVINCIAL DEL CUSCOcBIBLIOTECA MUNICIPAL DEL CUSCO aSur/N°168/1991 aSur :bsemanario regional surandino /cGuido Delran Cousy, Director aCusco.bCentro Bartolomé de las Casas,c1991. a8 páginas. :bilustraciones ;c29 cm. aSur.nAño XIV, N°168,1991 aContenido: Lluvias torrenciales causan estragos en el Cusco. -- El quechua y la exaltación imperial. ... aSociedad cusqueña aPolítica aSiglo XX aGodenzzi, Juan Carlos